MARC
| LEADER | 00000nam a2200000Ia 4500 | ||
|---|---|---|---|
| 008 | 170316s9999 xx 000 0 und d | ||
| 040 | |a cru BVZT | ||
| 090 | |a 840 V-13.1e | ||
| 100 | |a Vincenot, Henri |9 1238 | ||
| 245 | |a Les étoiles de Compostelle | ||
| 260 | |a París, Francia | ||
| 260 | |b Dënoel | ||
| 260 | |c 1982 | ||
| 300 | |a 315 páginas | ||
| 650 | |a LITERATURA FRANCESA |9 109 | ||
| 999 | |c 8040 |d 8040 | ||
| 942 | |c 15 D |h 840 V-13.1e |2 z | ||
